000 00485nam a2200181Ia 4500
005 20250508151757.0
008 008 250505s9999 xx 000 0 hin d
037 _aTextual
040 _aFEDL
_beng
_cFEDL
041 _ahin
_2eng
084 _a920, RAM
_qFEDL
100 _aRamrekha Singh
_9759962
245 0 _aAmarta ke patth per
260 _aDelhi, India
_bDelhi and Panjab Publications
300 _a91p
942 _cTEXL
_h920, RAM
999 _c1332098
_d1332098